000 00912cab a2200229 4500
001 X91203
008 090401t1998 xxu||||| |||| 00| 0 eng d
035 _a(Sirsi) u85670
041 _aeng
245 _aGreen belt
260 _c1998
350 _a0
490 _aEstates Gazette
_v[1998] EGCS 57 (11/04/98)
520 _a"Reid v SoS Environment and another" QBD 1 April 1998. Council refusing planning permission for erection of new agricultural building for grain storage - Inspector refusing appeal - whether inspector taking account of irrelevant consideration - application for inspector`s decision to be quashed dismissed. HEADNOTE FROM JOURNAL.
650 _aAGRICULTURAL BUILDINGS
650 _aIRRELEVANT CONSIDERATION
650 _aPLANNING PERMISSION
650 _aREID V SOS ENVIRONMENT AND ANOTHER
690 _aPLANNING LAW AND PRACTICE-CASE LAW
942 _n0
948 _c17/04/1998
999 _c53886
_d53886